2025年オフに背番号を変更した選手 - Statistics

General Stats
  • This quiz has been taken 12 times
  • The average score is 35 of 69
Answer Stats
現所属 変更前 変更後 ポジション Answer % Correct
阪神 51 7 内野手 中野拓夢
100%
阪神 49 21 投手 大竹耕太郎
90%
阪神 128 85 捕手 嶋村麟士朗
90%
阪神 85 98 投手 ドリス
90%
阪神 15 120 外野手 西純矢
90%
阪神 24 49 投手 工藤泰成
80%
阪神 31 51 投手 早川太貴
80%
ヤクルト 33 3 内野手 内山壮真
80%
ソフトバンク 26 19 投手 大津亮介
80%
DeNA 34 38 投手 松本凌人
70%
DeNA 40 140 投手 松本隆之介
70%
巨人 98 001 外野手 鈴木大和
70%
中日 201 68 投手 牧野憲伸
70%
日本ハム 30 3 捕手 郡司裕也
70%
日本ハム 95 47 投手 柳川大晟
70%
オリックス 31 1 内野手 太田椋
70%
ロッテ 38 0 外野手 髙部瑛斗
70%
ロッテ 60 15 投手 横山陸人
70%
DeNA 52 052 投手 浜地真澄
60%
巨人 007 68 内野手 宇都宮葵星
60%
中日 28 204 投手 森博人
60%
ヤクルト 012 70 投手 廣澤優
60%
日本ハム 94 45 投手 福島蓮
60%
日本ハム 68 168 外野手 星野ひので
60%
オリックス 14 121 投手 宇田川優希
60%
楽天 130 61 投手 古賀康誠
60%
西武 59 119 内野手 古賀輝希
60%
阪神 44 121 内野手 戸井零士
50%
DeNA 043 43 投手 深沢鳳介
50%
巨人 035 48 投手 ルシアーノ
50%
巨人 94 020 捕手 喜多隆介
50%
中日 48 205 投手 土生翔太
50%
中日 57 206 捕手 山浅龍之介
50%
中日 27 207 内野手 津田啓史
50%
中日 18 211 投手 梅津晃大
50%
広島 46 127 投手 河野佳
50%
ソフトバンク 59 120 投手 長谷川威展
50%
ソフトバンク 22 130 捕手 牧原巧汰
50%
日本ハム 97 117 投手 宮内春輝
50%
オリックス 27 127 外野手 元謙太
50%
ロッテ 69 140 外野手 アセベド
50%
ソフトバンク 95 132 投手 川口冬弥
40%
日本ハム 93 116 投手 松岡洸希
40%
日本ハム 40 140 投手 福田俊
40%
楽天 48 35 内野手 渡邊佳明
40%
楽天 030 48 内野手 平良竜哉
40%
西武 123 67 投手 冨士大和
40%
西武 67 120 捕手 野村大樹
40%
ロッテ 66 54 投手 澤田圭佑
40%
DeNA 91 122 投手 庄司陽斗
30%
巨人 69 069 外野手 笹原操希
30%
巨人 99 099 投手 京本眞
30%
ヤクルト 90 027 捕手 中川拓真
30%
ソフトバンク 34 134 投手 村田賢一
30%
日本ハム 50 159 投手 根本悠楓
30%
オリックス 56 120 投手 小木田敦也
30%
オリックス 64 122 内野手 大里昂生
30%
オリックス 46 123 投手 本田仁海
30%
オリックス 45 129 投手 東山玲士
30%
ロッテ 68 120 内野手 金田優太
30%
DeNA 36 136 投手 森下瑠大
20%
巨人 90 090 投手 石田充冴
20%
ヤクルト 93 52 捕手 橋本星哉
20%
ヤクルト 62 013 投手 竹山日向
20%
楽天 29 029 投手 德山一翔
20%
楽天 61 061 投手 松田啄磨
20%
楽天 79 079 外野手 前田銀治
20%
西武 49 115 投手 佐々木健
20%
西武 75 116 外野手 奥村光一
20%
No matching quizzes found
Score Distribution
Percent of People with Each Score
Percentile by Number Answered
Your Score History
You have not taken this quiz